1000 inventions & discoveries

保存先:
書誌詳細
第一著者: Bridgman, Roger (Bridgman, Roger Francis)
フォーマット: 図書
言語:Undetermined
出版事項: New York, NY Dorling Kindersley Book 2006
主題:
タグ: タグ追加
タグなし, このレコードへの初めてのタグを付けませんか!
Thư viện lưu trữ: Trung tâm Học liệu Trường Đại học Cần Thơ
LEADER 00652nam a2200205Ia 4500
001 CTU_128427
008 210402s9999 xx 000 0 und d
020 |c 203000 
082 |a 609 
082 |b B852 
100 |a Bridgman, Roger (Bridgman, Roger Francis) 
245 0 |a 1000 inventions & discoveries 
245 0 |c Roger Bridgman; In association with th Science Museum 
260 |a New York, NY 
260 |b Dorling Kindersley Book 
260 |c 2006 
650 |a Inventions,Discoveries in geography,Discoveries in science 
650 |x History.,History.,History. 
904 |i Minh 
980 |a Trung tâm Học liệu Trường Đại học Cần Thơ